Dialectos del Español - Estadísticas

Estadísticas generales
  • Esta prueba ha sido intentada 31 veces
  • La puntuación promedio es 49 de 102
Estadísticas de respuestas
Grupo Dialectal Zona Dialecto % Correcto
Peninsular Meridional Madrid Madrileño
85%
Peninsular Meridional Andalucía Andaluz
81%
Peninsular Meridional Andalucía Andaluz Oriental
81%
Peninsular Septentrional Aragón Aragonés
81%
Peninsular Septentrional Asturias Asturiano
81%
*Africano Islas Canarias Canario
81%
Peninsular Septentrional Cataluña Catalán
81%
Rioplatense Córdoba Cordobés
81%
Peninsular Septentrional Galicia Gallego
81%
Peninsular Septentrional León Leonés
81%
Peninsular Meridional Murcia Murciano
81%
Peninsular Septentrional Navarra Navarro
81%
Rioplatense Ciudad de Buenos Aires Porteño
81%
Peninsular Septentrional Valencia Valenciano
81%
Peninsular Septentrional País Vasco (Euskadi) Vasco
81%
Peninsular Septentrional Islas Baleares Balear
77%
del Interior de Colombia Bogotá Bogotano/Cachaco/Rolo
77%
Peninsular Septentrional Castilla Castellano
77%
Mexicano Altiplano Central Mexicano Central
77%
Peninsular Meridional Extremadura Extremeño
77%
Peninsular Septentrional La Rioja Riojano
77%
Chileno Chile Central Chileno Estándar
73%
*Africano Guinea Ecuatorial Ecuatoguineano
73%
Centroamericano Guatemala Guatemalteco
73%
Rioplatense Sur de Uruguay Montevideano
73%
Caribeño Costa Venezolana Caraqueño
69%
Centroamericano Honduras Hondureño
69%
Centroamericano El Salvador Salvadoreño
69%
Caribeño Oeste de Cuba Cubano Occidental
65%
Caribeño Este de Cuba Cubano Oriental
65%
Centroamericano Nicaragua Nicaragüense
65%
Paraguayo Paraguay Paraguayo
65%
Andino Ecuador Quiteño
65%
Amazónico Amazonas Colombiano Amazónico Colombiano
62%
Amazónico Amazonas Peruano Amazónico Peruano
62%
Amazónico Amazonas Venezolano Amazónico Venezolano
62%
Centroamericano Caribe Costarricense Costarricense del Caribe
62%
Centroamericano Pacífico Norte de Costa Rica Costarricense del Pacífico Norte
62%
Centroamericano Pacífico Sur de Costa Rica Costarricense del Pacífico Sur
62%
Centroamericano Valle Central de Costa Rica Costarricense del Valle Central
62%
Peninsular Meridional La Mancha Manchego
62%
Caribeño Panamá Panameño
62%
Caribeño Península de Azuero Panameño de la Península de Azuero
62%
*Africano Sáhara Occidental Saharaui
62%
Peninsular Septentrional Cantabria Cántabro
58%
Mexicano Costa Mexicana Costeño
58%
Caribeño Caribe Colombiano Costeño Colombiano
58%
del Interior de Colombia Región Paisa Paisa
58%
Andino Sierra Boliviana Boliviano de la Sierra
54%
Caribeño República Dominicana Dominicano
54%
Chileno Patagonia Chilena Patagón
54%
Caribeño Puerto Rico Puertorriqueño
54%
Centroamericano Belice Beliceño
50%
Chileno Sur de Chile Chileno Sureño
50%
Ribereño Costa Norte de Perú Norteño Ribereño
50%
Andino Chaco Boliviano Chaqueño
46%
Mexicano Oaxaca Oaxaqueño
46%
Mexicano Noreste Mexicano Habla del Noreste/Norteño
42%
Mexicano Noroeste Mexicano Habla del Noroeste/Norteño
42%
Andino Noroeste Argentino Norteño Argentino
42%
Ecuatorial Tumbes Norteño Peruano
42%
Andino Sierra Peruana Serrano Peruano
42%
Rioplatense Buenos Aires y La Pampa Bonaerense-Pampeano
38%
Peninsular Septentrional Comarcas Churras Churro
38%
Caribeño Florida Floridano
38%
Ecuatorial Guayaquil Guayaquileño/Guayaco
38%
Mexicano Yucatán Yucateco
38%
Mexicano El Bajío Bajío
35%
Rioplatense Patagonia Argentina Patagónico
35%
Andino Arequipa Arequipeño
31%
Chileno Cuyo Cuyano
31%
Andino Altiplano Boliviano Altiplánico
27%
Ecuatorial Esmeraldas Esmeraldeño
27%
Rioplatense Entre Ríos y Este de Uruguay Litoraleño/Entrerriano
27%
del Interior de Colombia Llanos Colombo-Venezolanos Llanero
27%
Mexicano Pacífico Mexicano Occidental
27%
Chileno Chiloé Chilote
23%
Centroamericano Chiapas Fraylescano/Chiapaneco
23%
Amazónico Iquitos Iquiteño
23%
Mexicano Nuevo México Neomexicano
23%
Rioplatense San Luis Puntano
23%
del Interior de Colombia Los Santanderes y Táchira Santandereano-Tachirense
23%
Andino Valle del Chota Choteño
19%
Ribereño Costa Centro y Sur de Perú Ribereño
19%
del Interior de Colombia Tolima Grande Tolimense
19%
Chileno Norte de Chile Chileno Nortino
15%
Andino Cuenca Cuencano/Morlaco
15%
Andino Tarija Chapaco
12%
Paraguayo Noreste Argentino Guaranítico
12%
Ecuatorial Manabí Manabita
12%
Paraguayo Este Boliviano Camba
8%
Andino Sur de Ecuador Lojano
8%
Andino Suroeste Colombiano Pastuso
8%
del Interior de Colombia Valle del Cauca Vallecaucano
8%
Andino Valles Bolivianos Valluno
8%
Ecuatorial Región del Pacífico Colombiano Chocoano
4%
Rioplatense Norte de Uruguay Fronterizo
4%
Caribeño Centroccidente Venezolano Guaro/Guarilandés
4%
Caribeño Costa Venezolana Margariteño
4%
del Interior de Colombia Cundinamarca y Boyacá Cundiboyacense
0%
Rioplatense Oeste de Uruguay Fernandino
0%
Caribeño Zulia Marabino
0%
No se encontraron pruebas coincidentes
Distribución de puntuación
Porcentaje de gente con cada puntuación
Porcentaje por número respondido
Historial de tus puntuaciones
No has intentado esta prueba.